Ancient Egypt: An Easy Introduction to its Archeology /

محفوظ في:

المؤلف الرئيسي: Leibovitch, J. (مؤلف)

التنسيق: كتاب

اللغة: Undetermined

منشور في: Cairo: L. Baroukh, 1938.

الوسوم: إضافة وسم

لا توجد وسوم, كن أول من يضع وسما على هذه التسجيلة!

رقم الطلب: DT60 .L5 1938

LEADER 00616nam a2200169Ia 4500
008 211223s9999||||xx |||||||||||||| ||und||
050 4 |a DT60 .L5 1938 
100 1 |a Leibovitch, J.  |e author. 
245 1 0 |a Ancient Egypt:  |b An Easy Introduction to its Archeology /  |c J. Leibovitch. 
264 1 |a Cairo:  |b L. Baroukh,  |c 1938. 
300 |a p.: 
336 |a text  |b txt  |2 rdacontent 
337 |a unmediated  |b n  |2 rdamedia 
338 |a volume  |b nc  |2 rdacarrier 
942 |2 lcc  |c BK 
952 |0 0  |1 0  |2 lcc  |4 0  |6 DT0060 L5 01938  |7 1  |9 31708  |a ARCE  |b ARCE  |d 2022-01-25  |l 0  |o DT60 .L5 1938  |p 1010927  |r 2022-01-25 00:00:00  |w 2022-01-25  |y BK 
999 |c 40935  |d 40935